000 00484nam a2200181Ia 4500
001 14758
005 20260306164938.0
008 260306t2007||||xx |||||||||||||| ||spa||
041 _aESP
082 _a519.2
_bH87
100 _aHuerga Castro, Carmen
_eAUT
245 0 _aProblemas de probabilidad e inferencia estadĂ­stica aplicadas a las ciencias sociales
260 _c2007
300 _a280 páginas :
_c24 cm.
650 _aGEN
654 _aCII
942 _cLIB
_dJUS
_fJUS
_2ddc
_n
999 _c14758
_d14758